Detalles MARC
| 000 -LEADER |
| fixed length control field |
01266nam a22002897a 4500 |
| 003 - CONTROL NUMBER IDENTIFIER |
| control field |
DO-SdBPM |
| 005 - DATE AND TIME OF LATEST TRANSACTION |
| control field |
20241122104158.0 |
| 007 - PHYSICAL DESCRIPTION FIXED FIELD--GENERAL INFORMATION |
| fixed length control field |
ta |
| 008 - FIXED-LENGTH DATA ELEMENTS--GENERAL INFORMATION |
| fixed length control field |
100322s2020 dr 000 0 spa d |
| 020 ## - INTERNATIONAL STANDARD BOOK NUMBER |
| International Standard Book Number |
9789945916553 |
| 040 ## - CATALOGING SOURCE |
| Original cataloging agency |
DO-SdBNP |
| Language of cataloging |
spa |
| Transcribing agency |
BPMSU |
| 082 #4 - DEWEY DECIMAL CLASSIFICATION NUMBER |
| Classification number |
324.6097293 |
| Item number |
A347e 2020 |
| Edition number |
22 |
| 100 1# - MAIN ENTRY--PERSONAL NAME |
| Personal name |
Alcántara Sáez, Manuel |
| 245 10 - TITLE STATEMENT |
| Title |
Elecciones en el marco de democracias fatigas / |
| Statement of responsibility, etc. |
Manuel Alcántara Sáez |
| 260 ## - PUBLICATION, DISTRIBUTION, ETC. (IMPRINT) |
| Place of publication, distribution, etc. |
Santo Domingo : |
| Name of publisher, distributor, etc. |
JCE, |
| Date of publication, distribution, etc. |
2020. |
| 300 ## - PHYSICAL DESCRIPTION |
| Extent |
49 p. ; |
| Dimensions |
21 cm. |
| 500 ## - GENERAL NOTE |
| General note |
Ponencia en el marco de la conmemoración del XII aniversario de la Escuela de Formación Electoral y del Estado Civil |
| 504 ## - BIBLIOGRAPHY, ETC. NOTE |
| Bibliography, etc |
Bibliografía : p. 48-49 |
| 505 ## - FORMATTED CONTENTS NOTE |
| Formatted contents note |
Introducción |
| Title |
Las elecciones como hecho rutinario no impiden la fatiga -- |
| -- |
El desgaste institucional: las relaciones Ejecutivo-Legislativo -- |
| -- |
Los cambios en los sistemas de partidos son un síntoma de la fatiga -- |
| -- |
Un nuevo ciclo político -- |
| -- |
Bibliografía citada -- |
| 590 ## - LOCAL NOTE (RLIN) |
| Local note |
Inventariado, 2021/ YL |
| 650 #4 - SUBJECT ADDED ENTRY--TOPICAL TERM |
| Topical term or geographic name as entry element |
Elecciones |
| Geographic subdivision |
República Dominicana |
| 650 #4 - SUBJECT ADDED ENTRY--TOPICAL TERM |
| Topical term or geographic name as entry element |
Democracia |
| 651 #4 - SUBJECT ADDED ENTRY--GEOGRAPHIC NAME |
| Geographic name |
República Dominicana |
| General subdivision |
Política y gobierno |
| 710 2# - ADDED ENTRY--CORPORATE NAME |
| Corporate name or jurisdiction name as entry element |
Junta Central Electoral (República Dominicana) |
| 910 ## - USER-OPTION DATA (OCLC) |
| User-option data |
Validado. Control de calidad BPMSU |
| 942 ## - ADDED ENTRY ELEMENTS (KOHA) |
| Source of classification or shelving scheme |
Dewey Decimal Classification |
| Koha item type |
Libros |